000 00842nam a2200253Ia 4500
008 240430s2024 sp 000 0 spa d
041 _aspa
245 0 3 _aLa extrema derecha, los buenos y los malos
260 _a[Las Palmas de Gran Canaria] :
_bComisiones Obreras de Canarias,
_c2024
300 _a3 p. ;
_c30 cm
500 _aEn: Tierra Canaria (especial 1M 2024), p. 20-22
650 0 _aPOLITICA
_9547
650 0 _aIDEOLOGIA POLITICA
_91711
650 0 _aSOCIEDAD
_91843
650 0 _aDERECHOS HUMANOS
_92569
650 0 _aPROBLEMA POLITICO
_92143
650 0 _aCLASE TRABAJADORA
_9385
650 0 _aEUROPA
_9139
650 0 _aACTITUD SINDICAL
_961
710 2 _aCCOO
_bCanarias,
_eed.
_96776
856 _zPDF
_uhttps://docpublicos.ccoo.es/cendoc/067945ExtremaDerechaMalos.pdf
907 _aPolĂ­tica
942 _cDOCU_ELEC
_2ddc
_n0
999 _c59424
_d59424